Accidentes escolares / (Registro nro. 9020)
[ vista simple ]
| 000 -LIDER | |
|---|---|
| fixed length control field | 00632nam a22002177a 4500 |
| 001 - NÚMERO DE CONTROL | |
| Identificador de número de control | 00260 |
| 003 - IDENTIFICACDOR DE NÚMERO DE CONTROL | |
| control field | DO-SdBNP |
| 005 - DATE AND TIME OF LATEST TRANSACTION | |
| control field | 20180402104924.0 |
| 008 - ELEMENTOS DE LONGITUD FIJA | |
| fixed length control field | 151207b 2001 dr xxu||||| |||| 00| 0 spa d |
| 040 ## - FUENTE DE CATALOGACIÓN | |
| Agencia que crea de manera original el registro | BPMSU |
| Idioma de catalogación | spa |
| Agencia que realiza la transcripción | BPMSU |
| 092 ## - LOCALLY ASSIGNED DEWEY DECIMAL CALL NUMBER | |
| Número de clasificación | XXXXX |
| Número de ítem (Cutter) | XXXXX |
| 100 1# - ASIENTO PRINCIPAL -- NOMBRE PERSONAL | |
| Nombre personal | Encarnación C., Juana María |
| 245 ## - MENCIÓN DE TITULO | |
| Título | Accidentes escolares / |
| Mención de responsabilidad | Juana María Encarnación C. |
| 260 ## - PUBLICACIÓN, DISTRIBUCIÓN, ETC. (PIE DE IMPRENTA) | |
| Lugar de publicación, distribución, etc | Santo Domingo : |
| Nombre del editor, distribuidor, etc. | Metropolitana, |
| Fecha de publicación, distribución, etc | 2001. |
| 300 ## - DESCRIPCIÓN FÍSICA | |
| Extensión | 73 p. : |
| Otros detalles físicos | il. ; |
| Dimensiones | 21 cm. |
| 504 ## - NOTA DE BIBLIOGRAFÍA, ETC. | |
| Bibliography, etc | Bibliografía : p. 72-73 |
| 910 ## - VALIDACIÓN | |
| Validación | 00260 |
| 942 ## - ADDED ENTRY ELEMENTS (KOHA) | |
| Source of classification or shelving scheme | Dewey Decimal Classification |
| Koha item type | Libros |
| 945 ## - INFORMACIÓN DE PROCESAMIENTO LOCAL | |
| Información de procesamiento local | Remanejado para la BNPHU / 2018 VM |
| 956 ## - LOCAL ELECTRONIC LOCATION AND ACCESS (OCLC) | |
| Nombre de host | Lorenza Pérez |
| Número de acceso | 10 |
| Withdrawn status | Lost status | Source of classification or shelving scheme | Damaged status | Not for loan | Collection code | Home library | Current library | Date acquired | Source of acquisition | Total Checkouts | Barcode | Date last seen | Price effective from | Koha item type |
|---|---|---|---|---|---|---|---|---|---|---|---|---|---|---|
| Dewey Decimal Classification | Colección Infantil Dominicana | Biblioteca Pública Metropolitana Salomé Ureña | Biblioteca Pública Metropolitana Salomé Ureña | 12/17/2015 | Donación | BPMSU15120174 | 12/17/2015 | 12/17/2015 | Libros |